书目信息 |
| 题名: |
欧洲文明的基石
|
|
| 作者: | 盛文林 编著 | |
| 分册: | ||
| 出版信息: | 北京 北京工业大学出版社 2014 |
|
| 页数: | 208页 | |
| 开本: | 24cm | |
| 丛书名: | ||
| 单 册: | ||
| 中图分类: | K126-49 | |
| 科图分类: | ||
| 主题词: | 文化史--古罗马--通俗读物 , 文化史 | |
| 电子资源: | ||
| ISBN: | 978-7-5639-3739-4 | |
| 000 | 00906nam0 2200277 450 | |
| 001 | 339669 | |
| 005 | 20150608155522.26 | |
| 010 | @a978-7-5639-3739-4@dCNY28.00 | |
| 090 | @aK12@bswl | |
| 100 | @a20140429d2014 em y0chiy50 ea | |
| 101 | 0 | @achi |
| 102 | @aCN@b110000 | |
| 105 | @aa z 000yy | |
| 106 | @ar | |
| 200 | 1 | @a欧洲文明的基石@Aou zhou wen ming de ji shi@e古罗马文明@f盛文林编著 |
| 210 | @a北京@c北京工业大学出版社@d2014 | |
| 215 | @a208页@c彩图@d24cm | |
| 300 | @a古文明浅读 | |
| 330 | @a本书展示了从公元前8世纪到公元5世纪的古罗马文明的各个方面, 讲述了古罗马社会是如何在政治、军事、宗教、建筑、文学、艺术等方面奠定欧洲文明的基石的。 | |
| 517 | 1 | @a古罗马文明@Agu luo ma wen ming |
| 606 | 0 | @a文化史@x古罗马@j通俗读物 |
| 606 | 0 | @a文化史 |
| 690 | @aK126-49@v5 | |
| 701 | 0 | @a盛文林@Asheng wen lin@c(科普)@4编著 |
| 801 | 0 | @aCN@b卓展宏图@c20150525 |
| 905 | @dK126-49@e212@f4 | |
| 欧洲文明的基石:古罗马文明/盛文林编著.-北京:北京工业大学出版社,2014 |
| 208页:彩图;24cm |
| 古文明浅读 |
| ISBN 978-7-5639-3739-4:CNY28.00 |
| 本书展示了从公元前8世纪到公元5世纪的古罗马文明的各个方面, 讲述了古罗马社会是如何在政治、军事、宗教、建筑、文学、艺术等方面奠定欧洲文明的基石的。 |
| ● |
| 相关链接 |
|
|
|
|
正题名:欧洲文明的基石
索取号:K126-49/212
 
预约/预借
| 序号 | 登录号 | 条形码 | 馆藏地/架位号 | 状态 | 备注 |
| 1 | 863581 | 208635814 | 第二样本阅览室/ [索取号:K126-49/212] | 在馆 | |
| 2 | 863582 | 208635823 | 第二借阅区/ [索取号:K126-49/212] | 在馆 | |
| 3 | 863583 | 208635832 | 第二借阅区/ [索取号:K126-49/212] | 在馆 | |
| 4 | 863584 | 208635841 | 第二借阅区/ [索取号:K126-49/212] | 在馆 |